000 00545cam a22001337a 4500
008 180718b2006 xxu||||| |||| 00| 0 eng d
100 _aChaudhury, Nazmul
245 _aConditional cash transfers and female schooling: the impact of the female school stipend program on kpublic school enrollments in Punjab, Pakistan
_cby Nazmul Chaudhury and Dilip Parajuli
260 _aWashington, D.C.
_bWorld Bank
_c2006
300 _a37p.
440 _aPolicy research working paper; 4102
650 _aConditional cash transfers
700 _aParajuli, Dilip
999 _c294906
_d294906